000
00275nam a2200097Ia 4500
008
220204s9999 xx 000 0 und d
082
_a
31(048)(540)
_b
STA
245
0
_a
Statistical abstract India 1997
260
_a
New Delhi
_b
Central Statistical Organisation
_c
1997
942
_c
BK
999
_c
43872
_d
43872